<?xml version="1.0" encoding="UTF-8"?><?xml-stylesheet type="text/xsl" href="static/style.xsl"?><OAI-PMH xmlns="http://www.openarchives.org/OAI/2.0/" xmlns:xsi="http://www.w3.org/2001/XMLSchema-instance" xsi:schemaLocation="http://www.openarchives.org/OAI/2.0/ http://www.openarchives.org/OAI/2.0/OAI-PMH.xsd"><responseDate>2026-04-17T01:21:21Z</responseDate><request verb="GetRecord" identifier="oai:www.recercat.cat:2072/401993" metadataPrefix="marc">https://recercat.cat/oai/request</request><GetRecord><record><header><identifier>oai:recercat.cat:2072/401993</identifier><datestamp>2025-06-12T01:03:47Z</datestamp><setSpec>com_2072_98</setSpec><setSpec>col_2072_378192</setSpec></header><metadata><record xmlns="http://www.loc.gov/MARC21/slim" xmlns:dcterms="http://purl.org/dc/terms/" xmlns:xsi="http://www.w3.org/2001/XMLSchema-instance" xmlns:doc="http://www.lyncode.com/xoai" xsi:schemaLocation="http://www.loc.gov/MARC21/slim http://www.loc.gov/standards/marcxml/schema/MARC21slim.xsd">
   <leader>00925njm 22002777a 4500</leader>
   <datafield ind2=" " ind1=" " tag="042">
      <subfield code="a">dc</subfield>
   </datafield>
   <datafield ind2=" " ind1=" " tag="720">
      <subfield code="a">Pallares-Barbera, Montserrat</subfield>
      <subfield code="e">author</subfield>
   </datafield>
   <datafield ind2=" " ind1=" " tag="260">
      <subfield code="c">2010</subfield>
   </datafield>
   <datafield ind2=" " ind1=" " tag="520">
      <subfield code="a">Al llarg de la història, la ciutat ha tingut diferents funcions i desenvolupaments, però sempre ha estat la peça clau dels sistemes productius imperants. En aquest article es postula que, a la primera dècada del segle vint-i-u, l'economia simbòlica apareix com l'equivalent al que en èpoques anteriors ha estat el sistema de producció flexible o fordista. L'objectiu és analitzar el procés de formació de l'economia simbòlica, com es commodifica l'element cultural o bé qui el consumeix. A Barcelona, el MACBA, dissenyat per Richard Meier, o la Torre AGBAR, per Jean Nouvel, són inversions públiques i privades que constitueixen símbols de la Barcelona global. El MACBA va ser dissenyat específicament per a ser una institució cultural. No així la torre AGBAR, que és un edifici d'oficines. En aquest article s'argumenta que elements simbòlics que no van ser concebuts com a tals, formen part de l'economia simbòlica d'una ciutat.</subfield>
   </datafield>
   <datafield ind2=" " ind1=" " tag="520">
      <subfield code="a">A lo largo de la historia, la ciudad ha tenido diferentes funciones, pero siempre ha sido la pieza clave de los sistemas productivos imperantes. En este artículo se postula que, en la primera década del siglo veintiuno, la economía simbólica se muestra como el equivalente de lo que en otras épocas han sido los sistemas de producción flexible o fordista. El objetivo es analizar el proceso de formación de la economía simbólica, como se commodifica el elemento cultural o bien quien lo consume. En Barcelona, el MACBA, diseñado por Richard Meier, o la torre AGBAR, por Jean Nouvel, son inversiones públicas y privadas que constituyen símbolos de la Barcelona global. El MACBA fue diseñado específicamente para ser una institución cultural. No fue así con la torre AGBAR, que es un edificio de oficinas. En este artículo se argumenta que elementos simbólicos que no fueron concebidos como tales forman parte de la economía simbólica de una ciudad.</subfield>
   </datafield>
   <datafield ind2=" " ind1=" " tag="520">
      <subfield code="a">Despite of historical economic changes, cities have always been the efficient pinpoint of production systems. In this article I postulate that at the first decade of the twenty-first century, the symbolic economy seems the equivalent to what in previous periods were the Fordism or the Flexible Production System. The objective is to analyze how the symbolic economy is formed, how the cultural good is commodified and who demands it. In Barcelona, buildings as the MACBA, designed by Richard Meier, or the AGBAR tower, by Jean Nouvel, are public and private investments, respectively, which constitute two of the global city symbols. The MACBA was specifically designed to be a cultural institution. Otherwise, the AGBAR tower is an office premise. In this article I argue that many of the symbolic elements were not built as such, but they are part of the symbolic economy of a city.</subfield>
   </datafield>
   <datafield tag="653" ind2=" " ind1=" ">
      <subfield code="a">Valoració d'un bé</subfield>
   </datafield>
   <datafield tag="653" ind2=" " ind1=" ">
      <subfield code="a">Economia simbòlica</subfield>
   </datafield>
   <datafield tag="653" ind2=" " ind1=" ">
      <subfield code="a">Geografia econòmica</subfield>
   </datafield>
   <datafield tag="653" ind2=" " ind1=" ">
      <subfield code="a">Valorización de un bien</subfield>
   </datafield>
   <datafield tag="653" ind2=" " ind1=" ">
      <subfield code="a">Economía simbólica</subfield>
   </datafield>
   <datafield tag="653" ind2=" " ind1=" ">
      <subfield code="a">Geografía económica</subfield>
   </datafield>
   <datafield tag="653" ind2=" " ind1=" ">
      <subfield code="a">Commodification</subfield>
   </datafield>
   <datafield tag="653" ind2=" " ind1=" ">
      <subfield code="a">Symbolic economy</subfield>
   </datafield>
   <datafield tag="653" ind2=" " ind1=" ">
      <subfield code="a">Economic geography</subfield>
   </datafield>
   <datafield ind2="0" ind1="0" tag="245">
      <subfield code="a">Com canviar quan els canvis són difícils? Avantatges i desavantatges de la Barcelona competitiva des de l'economia simbòlica</subfield>
   </datafield>
</record></metadata></record></GetRecord></OAI-PMH>